Impact of future markets on prices of plantation crops: The Indian experience (Record no. 44575)

MARC details
000 -LEADER
fixed length control field 00403nam a2200121Ia 4500
082 ## - DEWEY DECIMAL CLASSIFICATION NUMBER
Classification number 338.43.01
Item number NRP.24
100 ## - MAIN ENTRY--AUTHOR NAME
Personal name SHIVAKUMAR, KM
245 #0 - TITLE STATEMENT
Title Impact of future markets on prices of plantation crops: The Indian experience
260 ## - PUBLICATION, DISTRIBUTION, ETC. (IMPRINT)
Place of publication Thiruvananthapuram
Name of publisher Centre for Development Studies;2013
490 ## - SERIES STATEMENT
Series statement NRPPD Discussion paper No.24
942 ## - ADDED ENTRY ELEMENTS (KOHA)
Koha item type Books
Holdings
Withdrawn status Lost status Damaged status Not for loan Home library Current library Date acquired Source of acquisition Full call number Accession Number Koha item type
        RRII Library RRII Library 16/12/2021 Gift 338.43.01 NRP.24 G01320 Books